MARC

LEADER 00000nam0a2200000 4500
001 312362
005 20231102002458.0
020 |a RU  |b 82-25934 
035 |a (RuTPU)RU\TPU\book\337730 
090 |a 312362 
100 |a 20151221d1982 km y0rusy5003 ca 
101 0 |a rus 
102 |a UA 
105 |a a z 001zy 
200 1 |a Теоретические исследования пограничного слоя  |f Л. Ф. Козлов  |g Академия наук Украинской ССР (АН УССР), Институт гидромеханики 
210 |a Киев  |c Наукова думка  |d 1982 
215 |a 293 с.  |c ил. 
320 |a Библиогр.: с. 286-293 
606 1 |a Пограничный слой  |x Исследование  |2 stltpush  |3 (RuTPU)RU\TPU\subj\49522  |9 68309 
610 1 |a несжимаемые жидкости 
610 1 |a градиент 
610 1 |a давление 
610 1 |a внешние границы 
610 1 |a вдувание 
610 1 |a отсасывание 
610 1 |a проницаемые поверхности 
610 1 |a обтекающиеся тела 
610 1 |a переходные области 
675 |a 532.526  |z rus  |v 3 
700 1 |a Козлов  |b Л. Ф.  |g Леонид Филиппович  |4 070 
712 0 2 |a Академия наук Украинской ССР (АН УССР)  |b Институт гидромеханики  |2 stltpush  |3 (RuTPU)RU\TPU\col\7884 
801 0 |a RU  |b RuMRKP  |c 19950704  |g psbo 
801 1 |a RU  |b 63413507  |c 20151221 
801 2 |a RU  |b 63413507  |c 20180927  |g RCR 
942 |c BK